Word Ladder: Game Show Quiz Stats

 Plays Quiz Updated Mar 13, 2012

Support Sporcle.
Go Orange.
Score 0/34 Timer 03:00
1 Play Today
Clue 4-Letter Word % Correct
AC/DC's 'Highway to ___'HELL
94.4%
5280 feetMILE
93.4%
Period before EasterLENT
93.2%
Animator DisneyWALT
91.4%
A place for grinding grainMILL
90.1%
Texas-based computer companyDELL
88.1%
DesireWANT
88%
Herb for flavoring picklesDILL
87.7%
Put a stop toHALT
87.4%
A formal fellowGENT
86.7%
Former Vice President AlGORE
86.3%
Actor Richard of 'Pretty Woman'GERE
85.5%
A section of DNA with a purposeGENE
84.7%
Former Bears coach DitkaMIKE
80.6%
The mother of a foalMARE
79.3%
★ Monty who hosted this show ★HALL
78.8%
Old-school requirement to change the channelDIAL
78.5%
Clue 4-Letter Word % Correct
Being nothing more thanMERE
75.5%
★ Game Show: [Rung 1] [Rung 9] a [Rung 15] ★DEAL
75.4%
★ Game Show: [Rung 1] [Rung 9] a [Rung 15] ★MAKE
73.3%
A light focusing elementLENS
73%
Passed awayGONE
71.2%
★ Game Show: [Rung 1] [Rung 9] a [Rung 15] ★LET'S
70.6%
Fashion designer ChristianDIOR
64.6%
Pal of Toto and the Tin WoodsmanLION
61.4%
A body of traditional knowledgeLORE
59.1%
★ One of 3 locations where a prize was ★DOOR
58.7%
Bird on a canadian dollarLOON
57.3%
Singer of 'Runaround Sue'DION
54%
Forsaken or desolateLORN
47.7%
A specifically designated areaZONE
44.8%
Inclined or accustomedWONT
35.9%
★ Name for the 'booby prize' on the show ★ZONK
27.6%
An expert in politicsWONK
26.1%

Today's Daily Dose

You're not logged in!

Compare scores with friends on all Sporcle quizzes.
OR
Log In

From the Vault

Missing Word Crossword: Children's Books

by BookishGirl98

If you have kids, you've probably read these aloud a few hundred times each.
Remove Ads.
Support Sporcle.
Get the best of Sporcle when you Go Orange. This ad-free experience offers more features, more stats, and more fun while also helping to support Sporcle. Thank you for becoming a member.

Show Comments

Extras

Top Quizzes Today


Score Distribution

Your Account Isn't Verified!

In order to create a playlist on Sporcle, you need to verify the email address you used during registration. Go to your Sporcle Settings to finish the process.

Report this User

Report this user for behavior that violates our Community Guidelines.

Details: